书目信息 |
| 题名: |
四角号码查字法
|
|
| 作者: | 程养之 , 程惠华 编 | |
| 分册: | ||
| 出版信息: | 北京 商务印书馆 1995.02 |
|
| 页数: | 235页 | |
| 开本: | 32开 | |
| 丛书名: | ||
| 单 册: | ||
| 中图分类: | H124.5 | |
| 科图分类: | ||
| 主题词: | 汉字--文字学 | |
| 电子资源: | ||
| ISBN: | 7-100-01695-9 | |
| 000 | 00590nam0 2200205 45 | |
| 001 | 0009160996 | |
| 005 | 20000916093854.9 | |
| 010 | @a7-100-01695-9@d9.90元 | |
| 100 | @a20000916d1995 km y0chiy0120 ea | |
| 101 | 0 | @achi |
| 105 | @a z 000yy | |
| 200 | 1 | @a四角号码查字法@ASi Jiao Hao Ma Cha Zi Fa@f程养之,程惠华编@FCheng Yang Zhi,Cheng Hui Hua Bian |
| 210 | @a北京@c商务印书馆@d1995.02 | |
| 215 | @a235页@d32开 | |
| 606 | 0 | @a汉字@x文字学 |
| 690 | @aH124.5@v3 | |
| 701 | 0 | @a程养之@4编 |
| 701 | 0 | @a程惠华@4编 |
| 801 | @aCN@bPftUser@c20000916 | |
| 905 | @b145178-180@dH124.5@eCH981@f3 | |
| 四角号码查字法/程养之,程惠华编.-北京:商务印书馆,1995.02 |
| 235页;32开 |
| ISBN 7-100-01695-9:9.90元 |
| ● |
| 相关链接 |
|
|
|
正题名:四角号码查字法
索取号:H124.5/CH981
 
预约/预借
| 序号 | 登录号 | 条形码 | 馆藏地/架位号 | 状态 | 备注 |
| 1 | 145178 | 201451785 | 语言库209/209语言库 71排2列2层/ [索取号:H124.5/CH981] | 在馆 | |
| 2 | 145179 | 201451794 | 语言库209/209语言库 71排2列2层/ [索取号:H124.5/CH981] | 在馆 | |
| 3 | 145180 | 201451801 | 语言库209/209语言库 71排2列2层/ [索取号:H124.5/CH981] | 在馆 |